الحكم قبل المداولة : مسرحية من 3 فصول / (Record no. 40363)
[ view plain ]
| 000 -الفاتح | |
|---|---|
| حقل البيانات ثابتة الطول | 00529nam a2200181Ia 4500 |
| 008 - عناصر البيانات ثابتة الطول - معلومات عامة | |
| حقل البيانات ثابتة الطول | 140319s9999 xx 000 0 ara d |
| 040 ## - مصدر الفهرسة | |
| وكالة الفهرسة الأصلية | GCL / |
| وكالة النسخ | GCL |
| 082 04 - رقم تصنيف ديوى العشرى | |
| رقم التصنيف | 812.043 |
| رقم المادة | ن ح |
| 100 1# - المدخل الرئيسى - إسم شخصى | |
| الإسم الشخصى | نجيب سرور |
| 245 10 - بيان العنوان | |
| العنوان | الحكم قبل المداولة : مسرحية من 3 فصول / |
| بيان المسئوليه,etc | نجيب سرور |
| 700 1# - المدخل الاضافى - اسم شخصى | |
| الإسم الشخصى | عبدالعزيز حمودة |
| 300 ## - الوصف المادى | |
| التعداد | 98 ص |
| 490 ## - بيان السلسلة | |
| عنوان السلسلة | |
| 650 04 - المدخل الاضافى بالموضوع-مصطلح موضوعى | |
| مصطلح موضوعي | الادب العربى |
| 650 04 - المدخل الاضافى بالموضوع-مصطلح موضوعى | |
| مصطلح موضوعي | المسرحيات العربية - مصر |
| 942 ## - عناصر المدخل الإضافي( كوها) | |
| مصدر التصنيف او مخطط الترفيف | Dewey Decimal Classification |
| Koha [default] item type | كتاب |
| حالة التراجع | حالة الفقد | حالة تلف | ليس للاعارة | المكان المؤقت | الموقع الحالى | تاريخ الاكتساب | اجمالي اﻻعارات | رقم الطلب | الباركود | تاريخ اخر مشاهدة | تاريخ تفعيل السعر | نوع وعاء كوها |
|---|---|---|---|---|---|---|---|---|---|---|---|---|
| مكتبة القاهرة الكبرى | مكتبة القاهرة الكبرى | 03/26/2014 | 812.043\ن ح | 97855 | 03/26/2014 | 03/26/2014 | كتاب |

